American English : (Record no. 109419)
[ view plain ]
| 000 -LEADER | |
|---|---|
| fixed length control field | 00484nam a2200181 a 4500 |
| 005 - DATE AND TIME OF LATEST TRANSACTION | |
| control field | 20140414093843.0 |
| 008 - FIXED-LENGTH DATA ELEMENTS--GENERAL INFORMATION | |
| fixed length control field | 090318s19uu xx 00 eng d |
| 050 ## - LIBRARY OF CONGRESS CALL NUMBER | |
| Classification number | CDR 420.7 |
| Item number | EUR 2002 |
| 050 ## - LIBRARY OF CONGRESS CALL NUMBER | |
| Classification number | CDR 420.7 |
| Item number | EUR 2002R |
| 100 ## - MAIN ENTRY--PERSONAL NAME | |
| Personal name | Eurotalk |
| 245 ## - TITLE STATEMENT | |
| Title | American English : |
| Remainder of title | Talk the talk - beginners + / |
| Statement of responsibility, etc | Eurotalk. |
| 260 ## - PUBLICATION, DISTRIBUTION, ETC. (IMPRINT) | |
| Name of publisher, distributor, etc | Felta. |
| 650 ## - SUBJECT ADDED ENTRY--TOPICAL TERM | |
| Topical term or geographic name as entry element | English as a second language. |
| 650 ## - SUBJECT ADDED ENTRY--TOPICAL TERM | |
| Topical term or geographic name as entry element | Interactive video. |
| 942 ## - ADDED ENTRY ELEMENTS (KOHA) | |
| Koha item type | Audio Visual Materials |
| Withdrawn status | Lost status | Damaged status | Use restrictions | Home library | Current library | Shelving location | Date acquired | Source of acquisition | Cost, normal purchase price | Total Checkouts | Full call number | Barcode | Date last seen | Date checked out | Price effective from | Koha item type |
|---|---|---|---|---|---|---|---|---|---|---|---|---|---|---|---|---|
| Luxembourg Library | Luxembourg Library | Audio Visual Material Section | 03/18/2009 | 3017.35 | 2 | CDR 420.7 EUR 2002 | AV1060 | 12/14/2022 | 08/31/2022 | 04/14/2014 | Audio Visual Materials | |||||
| Luxembourg Library | Luxembourg Library | Audio Visual Material Section | 06/16/2010 | 3017.35 | CDR 420.7 EUR 2002R | AV1311 | 04/14/2014 | 04/14/2014 | Audio Visual Materials |